000 00539nam a2200169Ia 4500
008 090711s9999 xx 000 0 und d
082 _b54283
100 _aहसमनीस द. का.
245 _aमंदिरी कोंडीला राम
260 _c1986
300 _a192
600 _aहसमनीस द. का.
630 _aमंदिरी कोंडीला राम
700 _aहसमनीस द. का.
730 _aमंदिरी कोंडीला राम
942 _cBOOK
999 _c302503
_d302503